|
|
|
|
| LEADER |
00000nam0a2200000 4500 |
| 001 |
266025 |
| 005 |
20231101233953.0 |
| 035 |
|
|
|a (RuTPU)RU\TPU\book\289028
|
| 090 |
|
|
|a 266025
|
| 100 |
|
|
|a 20140702d1986 km y0rusy50 ca
|
| 101 |
0 |
|
|a rus
|
| 102 |
|
|
|a RU
|
| 105 |
|
|
|a a z 001zy
|
| 200 |
1 |
|
|a Взрывание льда
|f В. М. Тавризов
|
| 210 |
|
|
|a Москва
|c Недра
|d 1986
|
| 215 |
|
|
|a 136 с.
|c ил.
|
| 320 |
|
|
|a Библиогр.: с. 134-136.
|
| 606 |
1 |
|
|a Лед
|x Физико-механические свойства
|x Строительная механика
|2 stltpush
|3 (RuTPU)RU\TPU\subj\39923
|9 59821
|
| 610 |
1 |
|
|a ледяной покров
|
| 610 |
1 |
|
|a ледоход
|
| 610 |
1 |
|
|a взрывание
|
| 610 |
1 |
|
|a подготовительные работы
|
| 610 |
1 |
|
|a взрывные работы
|
| 610 |
1 |
|
|a безопасность
|
| 610 |
1 |
|
|a рыбные запасы
|
| 610 |
1 |
|
|a охрана
|
| 675 |
|
|
|a 624.14
|v 3
|
| 700 |
|
1 |
|a Тавризов
|b В. М.
|g Владимир Михайлович
|
| 801 |
|
1 |
|a RU
|b 63413507
|c 20140702
|
| 801 |
|
2 |
|a RU
|b 63413507
|c 20151215
|g RCR
|
| 942 |
|
|
|c BK
|